| 000 | 01361nam0a2200301 4500 | ||
|---|---|---|---|
| 001 | RU\NLR\bibl\1306100 | ||
| 005 | 20260406215641.0 | ||
| 010 |
_a978-5-902104-21-6 _91000 |
||
| 021 |
_aRU _b2008-82381 _94800 |
||
| 035 | _a(NLR Aleph) 001291611 | ||
| 090 |
_a562839 _c562839 |
||
| 100 | _a20081211d2008 |||y0rusy50 ca | ||
| 101 | 0 | _arus | |
| 102 | _aRU | ||
| 105 | _aach ||||||||| | ||
| 200 | 1 |
_aНа службе Отечеству _e80-летию ОСОАВИАХИМ - ДОСААФ - РОСТО (ДОСААФ) посвящается _f[авт.-сост.: П.В. Щекочихин _gредсовет: Ю.Ф. Камышанов (пред.) и др.] |
|
| 210 |
_aМосква _cВитязь-Братишка _d2008 |
||
| 215 |
_a359 с. _cил., цв. ил., факс., портр. _d29 |
||
| 601 | 0 | 2 |
_aРоссийская оборонная спортивно-техническая организация _xИстория _92178035 _3RU\NLR\auth\661309919 |
| 686 | _aЦ4,6(2Р)93г | ||
| 702 | 1 |
_aЩекочихин _bП. В. _4220 |
|
| 702 | 1 |
_aКамышанов _bЮ. Ф. _4340 |
|
| 712 | 0 | 2 |
_4570 _aРоссийская оборонная спортивно-техническая организация _3RU\NLR\AUTH\889973798 _9444332 |
| 801 | 0 |
_aRU _bNLR _c20081211 _gRCR |
|
| 801 | 1 |
_aRU _bNLR _c20081211 |
|
| 942 | _cBOOK | ||
| 980 | _aNB | ||